000 02191nam a2200589 a 4500
005 20240430114831.0
008 141118t2013||||mx a f |||| 001 0 spa d
020 _a9786074483529
041 _aspa
092 _c616.96
_l75
_sROD
100 1 _aRodríguez Pérez, Elba G.
_93569
245 _aParasitología médica /
_cElba G. Rodríguez Pérez
250 _a1a ed.
260 _aMéxico:
_bManual Moderno;
_c2013.
300 _a386 p.
_bil.
_c23 cm.
500 _aRodríguez Pérez, E. G. (2013). Parasitología médica. (1a ed.). México : Manual Moderno.
653 _aGeneralidades de los protozoarios
653 _aDisenteria amibiana, abceso hepático amibiano (AHA)
653 _aBlastocistosis
653 _aMeningoencefalitis amibiana primaria (MAP)
653 _aEncefalitis granulomatosa amibiana (EGA)
653 _aBalantidiosis, balantidiasis
653 _aGastroenteritis por Giardia
653 _aTrichominiasis, trichomoniosis
653 _aCryptosporidiosis, diarrea acuosa profusa
653 _aCiclosporosis, ciclosporiasis
653 _aIsosporiosis, isosporiasis
653 _aMicrosporidiosis
653 _aToxoplasmosis
653 _aNeumocistosis
653 _aTripanosomiosis americana, trypanosomiasis, enfermedad de Chagas
653 _aLeishmaniosis, leishmaniasis, úlcera de los chicleros
653 _aPaludismo, Malaria, Fiebre de los Pantanos
653 _aGeneralidades de los helmintos
653 _aEnterobiosis, enterobiasis, oxiuriasis
653 _aTrichiurosis, trichuriasis, tricocefalosis
653 _aAscariosis, ascariasis
653 _aToxocarisis, toxocariasis
653 _aEstrongiloidosis
653 _aNecatoriosis, necatoriasis
653 _aGnatostomiasis
653 _aTriquinosis, triquiniasis
653 _aOncocercosis, Ceguera de los Ríos, Enfermedad de Robles, Mal morado, Erisipela de la Costa
653 _aTeniosis, teniasis
653 _aCisticercosis
653 _aHidatidosis
653 _aHimenolepiasis, dilipidiasis
653 _aFaciolosis
653 _aParagonimiosis, paragonimiasis
653 _aAnexo: cuadros de prevención
942 _2ddc
_cBK
_04
999 _c2107
_d2107